Relaciones de varios viajeros ingleses en la ciudad de México y otros lugares de la Nueva España (Record no. 176375)

MARC details
000 -LEADER
campo de control de longitud fija 00898nam a22002055i 4500
001 - NÚMERO DE CONTROL
campo de control 176375
003 - IDENTIFICADOR DE NÚMERO DE CONTROL
campo de control ES-MaACL
005 - FECHA Y HORA DE LA ÚLTIMA TRANSACCIÓN
campo de control 20230906220049.0
008 - DATOS DE LONGITUD FIJA--INFORMACIÓN GENERAL
campo de control de longitud fija 110112s1963 sp |||| | spa d
080 ## - NÚMERO DE LA CLASIFICACIÓN DECIMAL UNIVERSAL
Número de la Clasificación Decimal Universal 910.2(725)"15"
245 00 - MENCIÓN DEL TÍTULO
Título Relaciones de varios viajeros ingleses en la ciudad de México y otros lugares de la Nueva España
Resto del título : siglo XVI /
Mención de responsabilidad, etc. recopilación, traducción, introducción y notas por Joaquín García Icazbalceta.
260 ## - PUBLICACIÓN, DISTRIBUCIÓN, ETC.
Lugar de publicación, distribución, etc. Madrid :
Nombre del editor, distribuidor, etc. José Porrúa Turanzas,
Fecha de publicación, distribución, etc. 1963.
300 ## - DESCRIPCIÓN FÍSICA
Extensión 185, [4] p. , [1] h. ;
Dimensiones 18 cm.
490 1# - MENCIÓN DE SERIE
Mención de serie Bibliotheca Tenanitla. Libros españoles e hispanoamericanos ;
Designación de volumen o secuencia 5
651 #4 - PUNTO DE ACCESO ADICIONAL DE MATERIA--NOMBRE GEOGRÁFICO
Nombre geográfico México-
Subdivisión general Descripción.
9 (RLIN) 9061
700 1# - ENTRADA AGREGADA--NOMBRE PERSONAL
Nombre de persona García Icazbalceta, Joaquín (
Fechas asociadas al nombre 1825-1894)
9 (RLIN) 54786
830 0# - PUNTO DE ACCESO ADICIONAL DE SERIE-TÍTULO UNIFORME
Título uniforme Bibliotheca Tenanitla. Libros españoles e hispanoamericanos ;
Designación de volumen o secuencia 5
9 (RLIN) 190011
852 ## - LOCALIZACIÓN
Ubicación ES-MaACL
Número de control de estantería E-14008
Encuadernación Olim P-661-bis
Holdings
Estatus retirado Estado de pérdida Estado de daño No para préstamo Biblioteca de origen Biblioteca actual Ubicación en estantería Fecha de adquisición Fuente de adquisición Total de préstamos Signatura topográfica completa Código de barras Visto por última vez Precio de reemplazo Tipo de ítem Koha
        Biblioteca del Ateneo de Madrid Biblioteca del Ateneo de Madrid Depósito 2 12/01/2011     E-14008 1185233 23/02/2023 23/02/2023 Libro impreso